| 000 | 00528nam a2200217Ia 4500 | ||
|---|---|---|---|
| 008 | 150901s9999 xx 000 0 und d | ||
| 020 | _a8120409612 | ||
| 041 | _aEnglish | ||
| 082 | _a338.1 | ||
| 082 | _bSAL/AG | ||
| 100 | _aSaleem Ahmed | ||
| 100 | _eAuthor | ||
| 245 | _aAgriculture-fertilizer interface in Asia | ||
| 260 | _aNew Delhi | ||
| 260 | _bOxford and IBH publishing | ||
| 260 | _c1995 | ||
| 300 | _a158 Pages | ||
| 365 | _aRs.295.00 | ||
| 650 | _aAgricultural economics | ||
| 942 | _cBK | ||
| 999 |
_c239748 _d239748 |
||